|
|
|
|
| LEADER |
00000cam a2200000 7i4500 |
| 001 |
0000057948 |
| 005 |
20020710.0 |
| 020 |
|
|
|a 9836259228
|
| 090 |
0 |
0 |
|a 520
|b LAF
|
| 100 |
1 |
|
|a Lafferty, Peter
|
| 245 |
1 |
0 |
|a Asronomi
|c Peter Lafferty ; penterjemah Aliah Abdul Rahim
|
| 260 |
|
|
|a Kuala Lumpur :
|b Dewan Bahasa Dan Pustaka ,
|c 2001
|
| 300 |
|
|
|a 48p. :
|b ill. ;
|c 26cm.
|
| 490 |
0 |
|
|a Perintis Sains
|
| 500 |
|
|
|a Includes index
|
| 650 |
0 |
0 |
|a Astronomy
|x Juvenile literature
|
| 700 |
0 |
|
|a Aliah Abdul Rahim
|
| 999 |
|
|
|a 123517
|b BUKU
|c JUNIOR BOOKS
|e PERPUSTAKAAN KOMUNITI PETALING JAYA
|
| 999 |
|
|
|a 123518
|b BUKU
|c JUNIOR BOOKS
|e PERPUSTAKAAN KOMUNITI PETALING JAYA
|
| 999 |
|
|
|a 123519
|b BUKU
|c JUNIOR BOOKS
|e PERPUSTAKAAN KOMUNITI PETALING JAYA
|